| 000 | 01761nam a2200409 a 4500 | ||
|---|---|---|---|
| 001 | ebr10359169 | ||
| 003 | CaPaEBR | ||
| 006 | m u | ||
| 007 | cr cn||||||||| | ||
| 008 | 091029s2009 enk sb 001 0 eng | ||
| 010 | _z 2009281884 | ||
| 015 |
_aGBA920533 _2bnb |
||
| 016 | 7 |
_z014916179 _2Uk |
|
| 020 | _z9781845118211 (hbk.) | ||
| 020 | _z1845118219 (hbk.) | ||
| 040 |
_aCaPaEBR _cCaPaEBR |
||
| 035 | _a(OCoLC)608555961 | ||
| 043 |
_ae-gr--- _ae-uk--- |
||
| 050 | 1 | 4 |
_aDF787.G7 _bD56 2009eb |
| 082 | 0 | 4 |
_a327.495041 _222 |
| 100 | 1 | _aDimitrakis, Panagiotis. | |
| 245 | 1 | 0 |
_aGreece and the English _h[electronic resource] : _bBritish diplomacy and the kings of Greece / _cPanagiotis Dimitrakis. |
| 260 |
_aLondon ; _aNew York : _bTauris Academic Studies ; _aNew York : _bDistributed in the United States and Canada exclusively by Palgrave Macmillan, _c2009. |
||
| 300 | _a212 p. | ||
| 490 | 1 |
_aInternational library of historical studies ; _v39 |
|
| 504 | _aIncludes bibliographical references (p. [191]-202) and index. | ||
| 533 |
_aElectronic reproduction. _bPalo Alto, Calif. : _cebrary, _d2013. _nAvailable via World Wide Web. _nAccess may be limited to ebrary affiliated libraries. |
||
| 651 | 0 |
_aGreece _xForeign relations _zGreat Britain. |
|
| 651 | 0 |
_aGreat Britain _xForeign relations _zGreece. |
|
| 651 | 0 |
_aGreece _xForeign relations _y20th century. |
|
| 651 | 0 |
_aGreat Britain _xForeign relations _y20th century. |
|
| 651 | 0 |
_aGreece _xKings and rulers. |
|
| 655 | 7 |
_aElectronic books. _2local |
|
| 710 | 2 | _aebrary, Inc. | |
| 830 | 0 |
_aInternational library of historical studies ; _v39. |
|
| 856 | 4 | 0 |
_uhttp://site.ebrary.com/lib/rucke/Doc?id=10359169 _zAn electronic book accessible through the World Wide Web; click to view |
| 999 |
_c208915 _d208915 |
||